| 000 | 00468nam a2200157Ia 4500 | ||
|---|---|---|---|
| 005 | 20250729165641.0 | ||
| 008 | 250729s2005 xx 000 0 und d | ||
| 041 | _akan | ||
| 082 | _a930.7 REDE | ||
| 100 |
_aರೆಡ್ಡಿ ಕೆ ತಿಮ್ಮಾ _9229679 |
||
| 245 | _aಇತಿಹಾಸ ಮತ್ತು ಪೌರನೀತಿ ಬೋಧನೆ | ||
| 260 |
_aಗದಗ _c2005 |
||
| 300 | _a535p | ||
| 650 |
_aHistory _9229680 |
||
| 700 |
_aRao Digumurthi _9229681 |
||
| 999 |
_c238412 _d238412 |
||